000 00733nam a2200217 a 4500
005 20160820020003.0
008 131218b1998 ck ||||| |||| 00| 0 spa d
041 _aspa
044 _ack
090 _aLB
_b04111
100 1 _aCrizon, Isabel
_92718
245 1 0 _aValoración comparada de la biodiversidad utilizada en cuatro sistemas de producción y extracción colombianos rurales contrastantes
_cIsabel, Crizon
260 _aBogotá
_bPontificia Universidad Javeriana
_c1998
300 _a78 p.
_c28 cm.
650 2 4 _a Sistemas de información geográfica
_91915
650 2 4 _aProductos forestales
_93439
650 2 4 _aFibras vegetales
_92269
700 1 _aEtter, Andrés
_92721
942 _cImpreso
_2z
_01
945 _d2005-06-13
999 _c4560
_d4560